00602nam a22001697a 450000500170000001000150001702000250003203500140005703700130007108200110008424500880009526000550018327001340023830000210037270000210039370000180041420220825122131.0 aENG-134660 c60.00a9789350693629 aEN-118192 bDBAD/PUB a230.35 aLoving Lord & His Miracle/cCompiled by B.V. Ramana Rao, translated by P.P.S. Sarma aAndhra Pradesh bSri sathya sai sadhna trustc2018 aSri sathya sai sadhna trust, publications division, Prasanthi NilayambAnantapure515134k08555-287375morders@sssbpt.orgl287236 a178p.c20cm(pbk) aRao, B.V. Ramana aSarma, P.P.S.